=LDR 00000nam 2200000 4500 =001 INLIS000000000014045 =005 20130612105341 =008 ***********************************Ind** =035 ##$$0010-061300000014045 =041 ##$$a Ind =082 ##$$a R.413 =090 ##$$a R.413, Sya k =100 ##$$a Syah, Jalinus =245 ##$$a Kamus pelajar, Kata serapan bahasa Indonesia, Drs.Djalinus Syah, Dra.Azimar Enong, Dra.Mulfaydes =260 ##$$a 1992 $b Jakarta =300 ##$$a 278 hlm, 23 cm =650 ##$$a Bahasa Indonesia - Kamus =700 ##$$a Dra.Azimar Enong =850 ##$$a NBPNMAT